Statystyki dla Stolice Ameryki Północnej

Kliknij tutaj aby rozwiązać quiz!

Ogólne statystyki

  • Ten quiz został rozwiązany 565 razy
  • Średni wynik to 11 z 14

Statystyki odpowiedzi

WskazówkaOdpowiedź% Poprawnych
MeksykMeksyk
96%
Stany ZjednoczoneWaszyngton
96%
KanadaOttawa
92%
PanamaPanama
89%
GwatemalaGwatemala
85%
KubaHawana
83%
SalwadorSan Salvador
80%
DominikanaSanto Domingo
74%
KostarykaSan Jose
73%
JamajkaKingston
70%
HaitiPort-au-prince
69%
BelizeBelmopan
68%
NikaraguaManagua
65%
HondurasTegucigalpa
60%

Rozkład punktacji

Percentyl według liczby udzielonych odpowiedzi

Procent ludzi z każdym wynikiem

Twoja historia wyników

Nie rozwiązałeś tego quizu